| 000 | 01157nam a22002771 4500 | ||
|---|---|---|---|
| 001 | obravemusic00smit | ||
| 003 | CaSfIA | ||
| 005 | 20210118194058.0 | ||
| 007 | cr|||| | ||
| 008 | 720717r1951uuuunyu 000 1 eng | ||
| 010 | _a 51011794 | ||
| 040 |
_aDLC _cYNG _dDLC _dBTCTA _dCaSfIA |
||
| 035 | _a(OCoLC)358025 | ||
| 050 | 0 | 0 |
_aPZ3.S64525 _bO2 _aPR6037.M39 |
| 100 | 1 | _aSmith, Dorothy Evelyn. | |
| 245 | 1 | 0 |
_aO, the brave music. _h[electronic resource] |
| 250 | _a[1st American ed.] | ||
| 260 |
_aNew York, _bDutton, _c1951. |
||
| 300 |
_a256 p. _c22 cm. |
||
| 856 | 4 | 1 |
_uhttp://www.archive.org/details/obravemusic00smit _zFree eBook from the Internet Archive |
| 856 | 4 | 2 |
_uhttp://www.openlibrary.org/books/OL6094201M _zAdditional information and access via Open Library |
| 029 | 1 |
_aAU@ _b000026785657 |
|
| 942 | _cEB | ||
| 506 | _fНеобхідна авторизація на https://archive.org/ (створення облікового запису безкоштовно) | ||
| 506 | _fНеобхідна авторизація на https://openlibrary.org/ (створення облікового запису безкоштовно) | ||
| 999 |
_c532096 _d532096 |
||